| 000 | 00512nam a2200157Ia 4500 | ||
|---|---|---|---|
| 008 | 170221s9999 xx 000 0 und d | ||
| 100 | _aJie Xu | ||
| 245 | _aNonlinear Analysis and Optimal Control of an Improved SIR Rumor Spreading Model | ||
| 245 | _cJie Xu, Yahong Yu, Chengyi Gao, and Jian Sun | ||
| 260 | _bJournal of Communications | ||
| 260 | _c2012 | ||
| 300 | _a9 : | ||
| 650 | _xCommunication | ||
| 650 | _xMedia Arts | ||
| 856 | _uhttp://www.jocm.us/index.php?m=content&c=index&a=lists&catid=150 | ||
| 999 |
_c308970 _d308970 |
||